2025/26 Serie A Standings - Statistics

General Stats
  • This quiz has been taken 15 times
  • The average score is 16 of 20
Answer Stats
# Points Team % Correct
1 87 Inter Milan
100%
2 76 SSC Napoli
100%
5 70 AC Milan
93%
3 73 AS Roma
87%
4 71 Como
87%
6 69 Juventus FC
87%
15 42 ACF Fiorentina
80%
8 56 Bologna FC
80%
14 43 Cagliari
80%
19 21 Hellas Verona FC
80%
20 18 Pisa SC
80%
9 54 SS Lazio
80%
18 34 US Cremonese
80%
7 59 Atalanta BC
73%
13 45 Parma
73%
12 45 Torino FC
73%
10 50 Udinese
73%
17 38 US Lecce
73%
11 49 US Sassuolo
73%
16 41 Genoa CFC
67%
No matching quizzes found
Score Distribution
Percent of People with Each Score
Percentile by Number Answered
Your Score History
You have not taken this quiz